[Event "Quimper op 8th"]
[Site "Quimper"]
[Date "2017.11.02"]
[Round "5"]
[White "Donchez, Christophe"]
[Black "Martin, Frederic"]
[Result "0-1"]
[WhiteElo "1853"]
[BlackElo "1643"]
[PlyCount "90"]
[EventDate "2017.10.31"]
[EventType "swiss"]
[EventRounds "6"]
[EventCountry "FRA"]
[SourceTitle "EXT 2023"]
[Source "ChessBase"]
[SourceDate "2022.10.05"]
[SourceVersion "1"]
[SourceVersionDate "2022.10.05"]
[SourceQuality "1"]

1. d4 d5 2. Nf3 e6 3. Bf4 c5 4. e3 Nc6 5. c3 Nf6 6. Bd3 c4 7. Bc2 Be7 8. Nbd2 b5 9. a3 Bb7 10. Ne5 Nxe5 11. dxe5 Nd7 12. h3 g5 13. Bg3 h5 14. Nf3 Qc7 15. Qd2 0-0-0 16. Nd4 a6 17. f4 h4 18. Bf2 Rdg8 19. Rg1 g4 20. hxg4 Rxg4 21. Bd1 Rg7 22. Bf3 Nc5 23. 0-0-0 Bc6 24. Rh1 Bd7 25. g4 h3 26. g5 Qd8 27. Rdg1 Qg8 28. Kb1 a5 29. Rg3 Qh7+ 30. Ka2 Nd3 31. Bg4 h2 32. Nf3 Qg8 33. Ne1 Nc5 34. Rg2 Ne4 35. Qc2 b4 36. Qc1 bxc3 37. bxc3 Ba4 38. Bf3 Bb3+ 39. Ka1 Nc5 40. Bd1 Qe8 41. Rgxh2 Rxh2 42. Rxh2 Qa4 43. Rh8+ Kd7 44. Nc2 Nd3 45. Qb1 Bxa3 0-1

[Event "Quimper op 8th"]
[Site "Quimper"]
[Date "2017.10.31"]
[Round "2"]
[White "Donchez, Christophe"]
[Black "Ginovart, Camille"]
[Result "1-0"]
[WhiteElo "1853"]
[BlackElo "1677"]
[PlyCount "107"]
[EventDate "2017.10.31"]
[EventType "swiss"]
[EventRounds "6"]
[EventCountry "FRA"]
[SourceTitle "EXT 2023"]
[Source "ChessBase"]
[SourceDate "2022.10.05"]
[SourceVersion "1"]
[SourceVersionDate "2022.10.05"]
[SourceQuality "1"]

1. d4 Nf6 2. Nf3 g6 3. Bf4 Bg7 4. e3 c5 5. c3 0-0 6. Be2 d5 7. 0-0 Nc6 8. h3 a6 9. Nbd2 b5 10. Nb3 c4 11. Nc5 Nd7 12. Nxd7 Bxd7 13. b3 a5 14. bxc4 bxc4 15. e4 dxe4 16. Nd2 e5 17. dxe5 Nxe5 18. Nxe4 Bf5 19. Nd2 Nd3 20. Be3 Bxc3 21. Bh6 Re8 22. Rb1 Nb2 23. Qc1 Bxd2 24. Bxd2 Bxb1 25. Bg5 Qb6 26. Be3 Qb4 27. Qxb1 Na4 28. Qc2 Qb2 29. Rc1 Qxc2 30. Rxc2 Rab8 31. Rxc4 Rb1+ 32. Kh2 Nb6 33. Rc5 a4 34. Rb5 Rxb5 35. Bxb5 Re5 36. Bc6 Nc4 37. Bxa4 Nxe3 38. fxe3 Rxe3 39. Bc6 Ra3 40. Bd5 Kg7 41. Bb3 f5 42. Kg3 g5 43. h4 g4 44. Kf4 Kf6 45. Ke3 Ke5 46. g3 h6 47. Kf2 f4 48. gxf4+ Kxf4 49. Kg2 Rxb3 50. axb3 Ke4 51. h5 Kd4 52. Kg3 Kc3 53. Kxg4 Kxb3 54. Kf5 1-0